MDQL
is popping MORE tags! Check the
thread
!
Quizzes
Events
Quiz Creation
Community
Videos
Private Events
Remove Ads
Sign In
Join for FREE
Feedback
Dark Mode
Quiz Categories
Sports
Geography
Music
Movies
Television
Just For Fun
Miscellaneous
History
Literature
Language
Science
Gaming
Entertainment
Religion
Holiday
For Kids
Quiz Lab
Recent
Popular Today
Quiz Kudos Today
Editor Picks
Curator Picks
Quizzes by...
Day
Popularity
Type
Ratings
Length
Year
Community
Subscriptions
Recent Discussions
Orange Saloon
Badges
Playlists
Quests
Create
Leaderboards
Showdown
Live 5
Trivia Bingo
Activity
Puzzle Library
Sporcle Events
Private Events
Virtual Trivia
Globe League
Become a Host
Pub Owners
SporcleCon
Opinionation
Our Games
Videos
Blog
Mobile Apps
Partnerships
Remove Ads and Go Orange
Feedback
History
US Presidents
World Leaders
Politics
Nation
Discovery
War
Decade
Year
Century
Biography
Art
History
US Presidents
World Leaders
Politics
Nation
Discovery
War
Decade
Year
Century
Biography
Art
Random Quiz
Search Sporcle
×
Quiz Lab
Quiz Lab
History
War
Type in answers that appear in a list
Type in answers that appear in a list
Classic
Best Score? Go Orange.
WW2 Allied Operations Stats
Can you name some of the famous WW2 Allied Operation Code-names?
By
erndog
10m
22 Questions
147 Plays
147 Plays
147 Plays
Comments
Comments
Give Quiz Kudos
Give Quiz Kudos
-
- Ratings
hide this ad
More Info
Forced Order
Answers have to be entered in order
Answers have to be entered in order
Random Order
Randomize order of answers
Randomize order of answers
Replay
Link that replays current quiz
Next Quiz
Link to next quiz in quiz playlist
You Got
0%
They Got
Avg Score
41%
Avg Friend Score
Upgrade to see
Score Distribution
Jump to the score distribution portion of the page
Score
0/22
Timer
10:00
0
Plays Today
Description
Operation
% Correct
Code name for the Allied invasion of North Africa.
Torch
80.3%
Code name for Allied invasion of German-
occupied France at Normandy.
Overlord
78.9%
Unsuccessful airdrop behind German lines in Netherlands and Germany.
Market Garden
74.1%
Secret Allied project to develop a nuclear bomb.
Manhattan Project
68.7%
Desperate Allied evacuation of Dunkirk.
Dynamo
66%
Allied invasion of Sicily.
Husky
61.9%
Famous misinformation plan; caused Germans to divert troops from Italy to Greece.
Mincemeat
49.7%
Originally named Operation Anvil; Allied invasion of Southern France.
Dragoon
48.3%
Allied breakout from Normandy.
Cobra
40.8%
Planned (but never executed) invasion of mainland Japan; included operations Olympic and Coronet.
Downfall
40.1%
Allied project devoted to deciphering the Enigma machine.
Ultra
33.3%
Description
Operation
% Correct
First Allied landings in Italy.
Avalanche
32%
American invasion of Guadalcanal.
Watchtower
29.9%
Allied project devoted to breaking Japanese codes.
MAGIC
28.6%
American invasion of Iwo Jima.
Detachment
26.5%
Allied landings at Anzio.
Shingle
22.4%
Final Russian encirclement and destruction of German forces at Stalingrad.
Ring
22.4%
Code name for the invasion of Okinawa.
Iceburg
21.8%
Two-
pronged advance to capture the Solomon Islands, New Britain, and New Ireland; began in 1943.
Cartwheel
21.8%
Allied plan to invade Europe; scrapped after the failed Dieppe raid.
Sledgehammer
21.1%
Last phase of the Allied breakout at El Alamein.
Supercharge
20.4%
Code name for airdrops to resistance fighters in France.
Carpetbagger
14.3%
Quiz Playlist
Details
Report
Send in Message
Add To Playlist
More Info:
Answers do not need to include the word "Operation". Ex: Allied invasion of the Marshall Islands would be "Flintlock", not "Operation Flintlock".
Classic:
Type in answers that appear in a list
Forced Order:
Answers have to be entered in order
Random Order:
Randomize order of answers
Quiz Source
Last Updated: Feb 16, 2017
Quiz Scoreboard
CHALLENGE
Sign Up to Join the Scoreboard
Show All
Scores
Hide
Comments
May contain spoilers
Recently Published
Two Season TV Shows II
by 123Four
Television
10m
Image Sorting: Flags VI
by Barbecue
Geography
2m
Find the 'City' Movie
by crazypaving
Movies
60s
More to Explore
Quiz From the Vault
Featured Blog Post
14 Easter Pick-up Lines to Find Eggs With
hide this ad
You Might Also Like...
Tags
War Quiz
codename
Code Names
Military
Operation
World War II
Today's Top Quizzes in History
Browse History
hide this ad
Today's Top Quizzes in War
Browse War
Top Contributed Quizzes in History
1
I Am Born On March 29th
2
Order Up: 1000 Years of World Events I
3
US National Parks Named After People
4
Popular People in 1991
5
Popular People in 1951
6
Popular People in 1941
7
Popular People in 1981
8
Popular People in 1986
9
Popular People in 1921
10
Popular People in 1976
Explore More
Trending Topics
Marvel
Disney
Crossword
NBA
Harry Potter
Kpop
Anime
The Office
Country
Song
NFL
Soccer
Pokémon
WWE
Puzzle
hide this ad
More By:
erndog
Quiz
Plays
Rating
Category
Featured
Created
WW2 Allied Operations
147
History
Dec 26, 2013
Go to Creator's Profile
Score Distribution
Quiz Creator Spotlight
erndog
Follow
Send a Message
Quizzes Created
-
Created Quiz Play Count
-
More By This Creator
Popular Quizzes Today
1
Find the US States - No Outlines Minefield
2
Colored Red Africa Blitz
3
Find the 'City' Movie
4
5x2 Blitz: Bands
5
The Countries of the World
6
Find the Countries of Europe - No Outlines Minefield
7
Find the US States
8
US States
More History Quizzes
Race to the Presidency A-Z
Published
Trending Quizzes
Colored Red Europe Blitz I
Colored Red Africa Blitz II
Colored Red Europe Blitz II
Colored Red Africa Blitz III
Even More Two Season TV Shows
Recently Updated
March Madness Men's Triple Doubles
pecheneg
How Do You Spell That?
pecheneg
Godzilla Movies
pecheneg
Grab Bag: 4-10 Letters
pecheneg
2024 March Madness Bracket
pecheneg
Famous TV Couples
Peacemaker
Champions League XIs: Real Madrid
pecheneg
Largest US Cities 1790-2010
pecheneg
Rides in Walt Disney World
pecheneg
Most Oscar Losses (Acting)
pecheneg
Trending Topics
Kpop
NBA
Anime
Marvel
Disney
Harry Potter
Crossword
Soccer
WWE
Pokémon
NFL
Puzzle
Country
The Office
Song
Your Account Isn't Verified!
In order to create a playlist on Sporcle, you need to verify the email address you used during registration. Go to your
Sporcle Settings
to finish the process.
Report this User
Report this user for behavior that violates our
Community Guidelines
.
Details:
Send Report
Go to the Sporcle.com Mobile Site →
Comments